Reynolds 1723-1792
Uloženo v:
| Hlavní autor: | |
|---|---|
| Médium: | Kniha |
| Jazyk: | francouzština |
| Vydáno: |
París
Pierre Lafitte
1900
|
| Edice: | <Les >Peintres Illustres
|
| Témata: | |
| Tagy: |
Přidat tag
Žádné tagy, Buďte první, kdo vytvoří štítek k tomuto záznamu!
|
MARC
| LEADER | 00000nam a2200000 a 4500 | ||
|---|---|---|---|
| 001 | UCY9786 | ||
| 003 | CL-VaPUC | ||
| 008 | 950720e19000000FR |||||||||||||||||fre|d | ||
| 082 | 0 | 4 | |a 759.2 |b REY |2 21 |
| 100 | 0 | |a Reynolds, Joshua |e author |9 341791 | |
| 245 | 1 | 0 | |a Reynolds 1723-1792 |
| 300 | |a 79 p | ||
| 942 | |c BK | ||
| 945 | |d 19950720 00:00:00 |a rbrito | ||
| 260 | |a París |b Pierre Lafitte |c 1900 | ||
| 600 | 0 | 7 | |a REYNOLDS, JOSHUA |2 CL-VaPUC |9 341791 |
| 650 | 7 | |a PINTURA INGLESA SIGLO 18 |2 CL-VaPUC |9 342328 | |
| 650 | 7 | |a PINTORES INGLESES |2 CL-VaPUC |9 342329 | |
| 583 | |a last modification |c 20160817 05:30:51 |k Rodrigo Vera | ||
| 490 | 0 | |a <Les >Peintres Illustres | |
| 999 | |c 236824 |d 236822 | ||
| 952 | |0 0 |1 0 |4 0 |6 759_200000000000000_REY_1900 |7 0 |8 A |9 245160 |a BIBART |b BIBART |d 2019-11-18 |i 3100669 |o 759.2 REY 1900 |p 3100669 |r 2025-03-13 |w 2019-11-18 |y BK |k ART | ||